Aktívne a inteligentné balenie - inovačné riešenia v oblasti balenia potravín

Aktívne a inteligentné balenie - definície, druhy a aplikácie. Aktívne a inteligentné obaly, ich prínos.

Salvato in:
Dettagli Bibliografici
Autore principale: Kosiorowska, Małgorzata, 1978-
Natura: Capitolo di libro
Lingua:slovacco
Soggetti:
Tags: Aggiungi Tag
Nessun Tag, puoi essere il primo ad aggiungerne!!

MARC

LEADER 00000naa$a2200000$$$4500
001 0178364
005 20240502073031.4
041 0 |a slo 
044 |a SK 
245 1 0 |a Aktívne a inteligentné balenie - inovačné riešenia v oblasti balenia potravín  |c Małgorzata Kosiorowska 
520 |a Aktívne a inteligentné balenie - definície, druhy a aplikácie. Aktívne a inteligentné obaly, ich prínos. 
610 2 0 |a balenie 
610 2 0 |a obaly 
610 2 0 |a technika obalová 
100 1 |a Kosiorowska, Małgorzata, 1978-